000
00305nam a2200109Ia 4500
008
200302s9999 xx 000 0 und d
100
_a
John W.Bull
245
_a
The Practical Design Of Structural Elements In Timber -- 2Nd Ed(Usd 120)
260
_b
Gower Publishing Ltd.,
260
_c
1994
300
_a
174 P
999
_c
4930
_d
4930